000 00666 a2200205 4500
003 NUST
005 20221214144827.0
010 _a 70499363
020 _a0140800832
040 _cNust
082 0 0 _a310,CHA
100 1 _aChatfield, Christopher.
_939490
245 1 0 _aStatistics for technology /
_cChristopher Chatfield
260 _aHarmondsworth,
_bPenguin,
_c1970.
300 _a359 p.:
_billus.
_c21 cm.
490 0 _aPenguin education studies in applied statistics
505 _aPart-I: Introduction (Page-15), Part-II: Theory (Page-37),Part-III: Applications (Page-203).
650 0 _aEngineering
_xStatistical methods.
_9129
942 _2ddc
_cBK
_k310,CHA
999 _c184888
_d184888